| 000 | 01303nam a2200301 a 4500 | ||
|---|---|---|---|
| 999 |
_c382236 _d382236 |
||
| 003 | BLK | ||
| 005 | 20230703093013.0 | ||
| 008 | 200813b bu |||||r|||| 00| | bu d | ||
| 020 | _a9786190106012 | ||
| 040 | _aBLK | ||
| 041 |
_aBUL _cBUL |
||
| 080 |
_aРазузнавателна служба. Тайна служба. Шпионаж. Разузнавателна информация. Вж и 327.84 ; 344.1 _b355.40 _z355.40 |
||
| 100 |
_9427484 _aКинзър, Стивън _eпърви автор |
||
| 139 |
_aКинзър, Стивън _bК 54 |
||
| 245 |
_aОтровителят _bСидни Готлиб и ЦРУ в търсене на контрол върху съзнанието _cСтивън Кинзър; прев. от англ. Елена Филипова. |
||
| 257 | _aUSA | ||
| 260 |
_9210881 _aСофия _bИзток-Запад _c2020 |
||
| 300 |
_a400 с. _c21 см |
||
| 380 | _a3 | ||
| 650 | 7 |
_9177248 _aЦентрално разузнавателно управление (ЦРУ) |
|
| 653 | 7 |
_9189108 _aконтрол върху съзнанието |
|
| 700 |
_9253751 _aФилипова, Елена _eпрев. от англ. |
||
| 852 |
_aЦб 305821 _bЦб |
||
| 942 |
_cKNG _n0 _s1 _08 |
||
| 944 |
_aED _c2021-02-23 _kВК |
||
| 999 | _d382236 | ||
| 999 | _d382236 | ||